Statistics for Smash Bracket OST Song Names

Click here to take the quiz!

General Stats

  • This quiz has been taken 9 times
  • The average score is 11 of 22

Answer Stats

HintAnswer% Correct
Kirby vs JigglypuffDinner and a Show
100%
Pikachu vs Pac-ManHey You, Pac N Chu!
83%
Mario vs Mega ManBattle of The Platformers
67%
Joker vs Solid SnakeHouse of Cards
67%
Wario vs LucasMother of Greed
67%
Banjo and Kazooie vs YoshiMuncha-Kazooie
67%
Archie Sonic vs Paper MarioPanels of Paper
67%
Arwing vs Super SonicSuperspeed
67%
Link vs RidleyTriforce of Cunning
67%
Mewtwo vs SephirothAngelic Experiments
50%
Ice Climbers vs Duck Hunt TrioCool Gunnings
50%
Fox vs SonicFast and The Furriest
50%
Greninja vs Diddy KongTropical Splash
50%
Ryu vs LucarioWarriors of Aura
50%
King Dedede vs King K. RoolBandanna Slamma
33%
Minecraft Battle RoyaleBedrock’N’Roll
33%
Captain Falcon vs FalcoBirds of a Feather
33%
Marth vs Meta KnightMidnight Duel
33%
Bill Cipher vs SephirothOne Weird Angel
33%
Sonic vs Fox 2Limit Break
17%
Ganon vs IsabelleWelcome, Villagerudo
17%
Ken vs TerryFiery Fists of Fury
0%

Score Distribution

Percentile by Number Answered

Percent of People with Each Score

Your Score History

You have not taken this quiz